Las experiencias místicas y sus interpretaciones (Registro nro. 50701)
[ vista simple ]
| 000 -LÍDER | |
|---|---|
| Campo fijo de descripción fija | 01127aab a2200229 4500 |
| 001 - NÚMERO DE CONTROL | |
| Campo de control | 768714001 |
| 003 - IDENTIFICADOR DEL NÚMERO DE CONTROL | |
| Campo de control | CO-MdFUSB |
| 005 - FECHA Y HORA DE LA ULTIMA TRANSACCIÓN | |
| control field | 20240607103502.0 |
| 008 - ELEMENTOS DE LONGITUD FIJA -- INFORMACIÓN GENERAL | |
| Campo fijo de descripción fija -- Información general | 170510s1993 cr ||||| |||| 00| 0 spa d |
| 022 ## - NÚMERO INTERNACIONAL NORMALIZADO PARA PUBLICACIONES SERIADAS | |
| Número Internacional Normalizado para Publicaciones Seriadas | 1409-1968 |
| 040 ## - FUENTE DE CATALOGACIÓN | |
| Agencia Catalogadora | CO-MdFUSB |
| Idioma de catalogación | spa |
| Agencia que realiza la transcripción | CO-MdFUSB |
| Agencia que realiza la modificación | CO-MdFUSB |
| 041 ## - CÓDIGO DE IDIOMA | |
| Código de idioma para texto/pista de sonido o título separado | spa |
| 100 1# - ASIENTO PRINCIPAL--NOMBRE PERSONAL | |
| Nombre personal | Libert, Samuel O. |
| Término relacionador | autor |
| 245 10 - TÍTULO | |
| Título | Las experiencias místicas y sus interpretaciones |
| Mención de responsabilidad | / Samuel O. Libert |
| 300 ## - DESCRIPCIÓN FÍSICA | |
| Extensión | Volumen 11. Número 2 (1993), páginas 24-25 |
| Dimensiones | : 27 cm. |
| 520 ## - NOTA DE RESUMEN, ETC. | |
| Nota de sumario, etc. | La doctrina cristiana no nace de la experiencia del hombre sino de la mente de Dios.<br/>La experiencia mística es un hecho , real o imaginario. Pero la interpretación de la experiencia, hecha por el protagonista, por los testigos o por quienes solamente han oído el testimonio del protagonista, es otro hecho que debe analizarse cuidadosamente.<br/>La experiencia mística, si viene de Dios, pone de manifiesto una doctrina preexistente". |
| 546 ## - NOTA DE IDIOMA | |
| Nota de idioma | |
| 653 ## - TÉRMINO DE INDIZACIÓN - NO CONTROLADO | |
| Término no controlado | Misticismo |
| 773 0# - ASIENTO DE ITEM FUENTE | |
| Título | Apuntes Pastorales |
| Biblionumber | 49442 |
| Itemnumber | 60183 |
| Parte(s) relacionada(s) / Volumen., número. (mes año), páginas | Volumen 11. Número 2 (1993), páginas 24-25 |
| Enumeración y primera página | Página 24 |
| 942 ## - TIPO DE MATERIAL (KOHA) | |
| Tipo de Item KOHA | Artículos de Revista |
| 945 ## - INFORMACIÓN LOCAL DEL REGISTRO | |
| Catalogador | JTF-925 |
No hay ítems disponibles.
